[Event "4th ChessMates Murmansk 2020"]
[Site "Murmansk"]
[Date "2020.03.13"]
[Round "1.21"]
[White "Karapetyan, Tigran"]
[Black "Babanin, Gleb"]
[Result "1-0"]
[WhiteElo "1823"]
[BlackElo "2225"]
[Annotator "TA"]
[PlyCount "79"]
[EventDate "2020.03.13"]
[EventType "team-tourn"]
[EventCountry "RUS"]
[SourceTitle "playchess.com"]
[Source "ChessBase"]
[SourceQuality "1"]

{[%evp 15,79,26,75,66,79,72,95,92,93,92,87,94,95,79,83,75,93,59,83,86,95,87,116,87,161,123,109,88,166,160,194,200,300,300,276,280,321,319,307,318,299,318,367,251,265,261,285,209,198,200,218,224,226,205,268,269,274,270,256,247,222,91,545,537,535,535]} 1. e4 e5 2. Nf3 Nc6 3. Bc4 Nf6 4. Ng5 d5 5. exd5 Na5 6. Bb5+ c6 7. dxc6 bxc6 8. Bd3 h6 9. Ne4 {C58: Two Knights: 4 Ng5 d5 5 exd5 Na5 sidelines.} Nxe4 10. Bxe4 Bc5 11. O-O {Black must now prevent c3.White is better.} O-O 12. d3 f5 13. Bf3 Ba6 14. Nc3 {[%cal Bb1c3,Bc3a4,Ba4c5][%mdl 32] [#]} Rb8 $146 ({Predecessor:} 14... Qf6 15. Na4 Bd6 16. Qe1 Nb7 17. Bxc6 Rac8 18. Bd5+ Kh8 19. c4 Nc5 20. Nxc5 Rxc5 {1-0 (35) Prenzler,D (2253)-Bennedik,M (2003) Frankfurt 2017}) 15. Na4 Bd6 16. Re1 Qc7 17. g3 Rbd8 18. Bd2 e4 {[#]} 19. Bg2 $1 (19. dxe4 Nc4 $11) 19... Be5 (19... exd3 $16 20. b3 Bb5) 20. Nc5 {Strongly threatening Ne6.} Bc8 21. Rb1 (21. dxe4 $6 Nc4 $11) 21... Bd4 (21... Nb7 $16 22. Nb3 c5) 22. b4 $18 Bxc5 23. bxc5 Ba6 (23... Nb7 $142 24. Qc1 (24. dxe4 fxe4 25. Qc1 Rde8 $18) 24... Nxc5) 24. Bf4 Qf7 25. Bd6 Rfe8 26. dxe4 fxe4 27. Rxe4 (27. Bxe4 Nb7) 27... Rxe4 28. Bxe4 Nb7 29. Qg4 Nxd6 30. cxd6 Bc8 31. Qf3 Qxf3 32. Bxf3 {[%mdl 4096] Endgame And now Rb8 would win. KRB-KRB} Be6 33. Rd1 ({Resist} 33. Bxc6 $6 Rxd6 34. Be4 Ra6) 33... c5 34. a4 Kf7 35. Bc6 Bf5 36. c3 Ke6 37. d7 Ke7 38. Rd5 (38. Kg2 $18) 38... Be4 $2 {[%mdl 8192]} (38... Be6 $16 {is tougher.}) 39. Re5+ {[%mdl 64] [#] Double Attack, Discovered Attack} Kd6 40. Re8 {Accuracy: White = 69%, Black = 61%.} ({Weaker is} 40. Rxe4 Kxc6 41. Kf1 Rxd7 $16) 1-0

[Event "4th ChessMates Murmansk 2020"]
[Site "Murmansk"]
[Date "2020.03.13"]
[Round "1.22"]
[White "Sinitsina, Anastassia"]
[Black "Illina, Natalia"]
[Result "1-0"]
[WhiteElo "2125"]
[BlackElo "2081"]
[Annotator "TA"]
[PlyCount "119"]
[EventDate "2020.03.13"]
[EventType "team-tourn"]
[EventCountry "RUS"]
[SourceTitle "playchess.com"]
[Source "ChessBase"]
[SourceQuality "1"]

{[%evp 25,119,31,44,45,50,36,53,30,51,30,60,36,36,33,35,23,46,41,37,12,91,34,61,43,63,56,41,44,48,37,53,39,50,57,96,70,87,96,140,133,201,53,46,37,50,18,27,29,333,320,345,275,470,444,433,456,420,425,485,485,485,485,485,485,495,477,1345,1352,1360,856,1966,1783,1518,1469,2608,2550,1900,1747,29973,29973,5714,4129,29976,29977,29979,29978,29982,29983,29983,29984,29987,29988,29988,29989,29989,29990]} 1. Nf3 Nf6 2. c4 e6 3. b3 b6 4. g3 Bb7 5. Bg2 c5 6. Bb2 Be7 7. O-O O-O 8. Nc3 d6 9. d4 cxd4 10. Qxd4 a6 11. Rfd1 Qc7 12. Rac1 Nbd7 13. e4 Rfd8 14. Qe3 {A30: Symmetrical English: Double Fianchetto and Hedgehog.} Rac8 15. Nd4 Qb8 16. Qe2 {White is slightly better.} Qa8 {[#]} 17. Re1 $146 ({Predecessor:} 17. Rd2 Nc5 18. f3 Ne8 19. Rcd1 Bg5 20. f4 Be7 21. Re1 Nf6 22. h3 Ncd7 23. Kh2 {1-0 (37) Geller,E (2620)-Fraguela Gil,J (2380) Las Palmas 1976}) 17... Nc5 18. b4 Ncd7 19. a3 Ne5 20. Na4 Nfd7 21. f4 Nc6 22. Nf3 Bf8 (22... Qa7 $11 23. Kh1 Bf6) 23. h3 (23. Bh3 $16 {And now Ng5 would win.} Qa7 24. Qf2) 23... Ne7 24. Nc3 Rc7 25. Kh2 Rdc8 26. Nd2 $36 {[%mdl 2048] White has good play.} Nc6 27. Qd3 Rd8 28. Nd1 Qc8 29. Ne3 Ndb8 30. Qe2 Ne7 31. h4 Nbc6 32. h5 a5 (32... h6 $16 33. Red1 Qa8) 33. Bc3 (33. Bh3 $18) 33... axb4 $14 34. axb4 {aiming for Bh3.} d5 $1 {[%cal Rd5d4]} 35. exd5 exd5 36. cxd5 Nxb4 $2 {[%mdl 8192] Black cannot hold the game after this.} (36... Nd4 $1 $11 {and Black has nothing to worry.} 37. Bxd4 Rxc1 38. Rxc1 (38. Bxb6 Rxe1 39. Qxe1 Rd7 $15) 38... Qxc1 39. Bxb6 Ra8) 37. Bh3 $18 f5 {[#]} 38. d6 $1 {[%cal Rd6c7][%mdl 512]} Rxd6 $2 (38... Rxc3 39. dxe7 Rxc1 40. exd8=R Rxe1 41. Rxf8+ Kxf8 42. Qxe1 Nc2 43. Nxc2 (43. Bxf5 Nxe1 44. Bxc8 Bxc8 $11) 43... Qxc2) 39. Bxb4 Rxc1 40. Bxd6 Rxe1 41. Qxe1 {Strongly threatening Bxe7.} g6 42. Bxe7 Bxe7 43. Nxf5 gxf5 44. Qxe7 Qc6 {[%csl Gb7][%cal Rc6h1]} 45. Qe1 ({Much less strong is} 45. Qg5+ Kh8 $18) 45... Qd5 (45... Kf8 $142 46. Qb1 Ke7) 46. Qe8+ Kg7 47. Qe5+ Qxe5 48. fxe5 Bc8 49. Kg2 Kh6 50. Kf3 Kg5 51. Nb3 b5 52. Nc5 b4 53. Bf1 Kxh5 54. Kf4 {White mates.} Kg6 55. Bd3 h5 56. Bc2 b3 57. Bxb3 h4 58. gxh4 Kh5 59. Bc2 Kg6 {[#]} 60. h5+ $1 {Accuracy: White = 85%, Black = 46%.} 1-0

[Event "4th ChessMates Murmansk 2020"]
[Site "Murmansk"]
[Date "2020.03.13"]
[Round "1.23"]
[White "Kirakosyan, Ashot"]
[Black "Glukhov, Dmitriy"]
[Result "0-1"]
[WhiteElo "1911"]
[BlackElo "2012"]
[Annotator "TA"]
[PlyCount "86"]
[EventDate "2020.03.13"]
[EventType "team-tourn"]
[EventCountry "RUS"]
[SourceTitle "playchess.com"]
[Source "ChessBase"]
[SourceQuality "1"]

{[%evp 9,86,4,44,34,35,-14,0,-12,-24,-60,-50,-60,-29,-77,-84,-86,-68,-104,-97,-146,-87,-80,-80,-105,-62,-71,-64,-221,-222,-372,-372,-332,-341,-439,-396,-366,-280,-406,-411,-411,-372,-406,-434,-498,-503,-520,-528,-525,-510,-560,-568,-593,-575,-627,-551,-966,-939,-855,-858,-1073,-964,-1666,-1662,-1749,-945,-1900,-1135,-2206,-1757,-1886,-1379,-1353,-1394,-1267,-1204,-2612,-2400,-3512,-3068]} 1. e4 c5 2. Nf3 e6 3. d4 cxd4 4. Nxd4 Nf6 5. Bd3 d6 (5... Nc6 $5 {[%cal Rc6d4]} 6. Nf3 d5 7. exd5 exd5 $11) 6. Be3 {B40: Sicilian: 2...e6, Unusual lines.} Nc6 7. Nd2 Be7 {[#]} 8. N2b3 $146 {The position is equal.} ({Predecessor:} 8. f4 e5 9. Nf5 Bxf5 10. exf5 Nd5 11. Qf3 Nxe3 12. Qxe3 O-O 13. O-O-O exf4 14. Qxf4 {0-1 (43) Stanciu,I (1850)-Bulmaga,I (2393) Calimanesti 2014}) 8... O-O 9. g4 e5 10. Nf5 d5 11. f3 Bxf5 12. gxf5 d4 13. Bf2 Nh5 $36 {[%mdl 2048] Black is on the roll.} 14. h4 Na5 (14... Nb4 $142 15. Nc1 Rc8) 15. Qd2 $17 Nxb3 16. axb3 a5 17. Bc4 Qc7 {aiming for ...b5!} 18. Rg1 $2 {[#] This costs White the game.} (18. O-O $15) 18... b5 $1 $19 {[%cal Bb7b5,Bb5c4][%mdl 544]} 19. Qh6 ({Don't go for} 19. Bxb5 $2 Bb4 $19) (19. f6 $142 Nxf6 20. Qh6) 19... bxc4 20. Qxh5 Rfb8 21. Qg4 {[%csl Gg1][%cal Rg4g7]} Bf8 {...c3 is the strong threat.} 22. Qg3 Qe7 23. bxc4 (23. f4 $142 Qb4+ 24. Kf1) 23... Rxb2 24. Kf1 Rxc2 25. Kg2 Rxc4 26. Kh3 {Black is clearly winning.} a4 {[%cal Ba5a4,Ba4a3,Ba3a2][%mdl 32]} 27. h5 h6 28. Qh2 f6 29. Rg6 Qf7 30. Bh4 {intending Bxf6.} Kh7 31. Qg2 a3 32. Rg1 Rc6 33. Ra1 Rb6 34. f4 Rb3+ 35. Kg4 {[#]} a2 $1 36. fxe5 (36. Rxa2 Rxa2) 36... fxe5 {White must now prevent ...Rb1.} 37. Qf1 Re3 38. Qg2 Qb7 {( -> ...Raa3)} 39. Bg3 Qxe4+ 40. Qxe4 Rxe4+ 41. Kf3 Re3+ 42. Kf2 Bb4 43. Bh4 {[#]} Be1+ $1 {[%mdl 576] Promotion. Accuracy: White = 23%, Black = 72%.} 0-1

[Event "4th ChessMates Murmansk 2020"]
[Site "Murmansk"]
[Date "2020.03.13"]
[Round "1.24"]
[White "Shelezhonkova, Kseniya"]
[Black "Mamoshin, Oleg"]
[Result "1/2-1/2"]
[WhiteElo "1552"]
[BlackElo "1648"]
[Annotator "NA RC"]
[PlyCount "67"]
[EventDate "2020.03.13"]
[EventType "team-tourn"]
[EventCountry "RUS"]
[SourceTitle "playchess.com"]
[Source "ChessBase"]
[SourceQuality "1"]
[TimeControl "5400+30"]

1. e4 {[%emt 0:00:00]} c5 {[%emt 0:00:00]} 2. Nc3 {[%emt 0:00:00]} e6 {[%emt 0:00:00]} 3. f4 {[%emt 0:00:04]} d5 {[%emt 0:01:22]} 4. Nf3 {[%emt 0:04:55]} d4 {[%emt 0:07:12]} 5. Ne2 {[%emt 0:03:28]} Nf6 {[%emt 0:00:30]} 6. d3 {[%emt 0:05:18]} Be7 {[%emt 0:02:21]} 7. h3 {[%emt 0:02:59]} Nc6 {[%emt 0:10:53]} 8. g3 {[%emt 0:07:31]} Qc7 {[%emt 0:03:32]} 9. Bg2 {[%emt 0:00:28]} O-O {[%emt 0:03:52]} 10. O-O {[%emt 0:04:34]} Ne8 {[%emt 0:12:57]} 11. g4 {[%emt 0:09:18]} f5 {[%emt 0:08:51]} 12. g5 {[%emt 0:07:37]} g6 {[%emt 0:02:43]} 13. Qe1 {[%emt 0:10:07]} Ng7 {[%emt 0:02:09]} 14. Ng3 {[%emt 0:09:34]} Bd6 {[%emt 0:05:55]} 15. e5 {[%emt 0:04:19]} Be7 {[%emt 0:00:04]} 16. h4 {[%emt 0:03:29]} b6 {[%emt 0:03:05]} 17. a3 {[%emt 0:02:02]} Bb7 {[%emt 0:01:11]} 18. Kf2 {[%emt 0:00:30]} Kf7 {[%emt 0:05:35]} 19. Rh1 {[%emt 0:02:47]} Rh8 {[%emt 0:08:48]} 20. Rh3 {[%emt 0:00:43]} h5 {[%emt 0:07:53]} 21. Nf1 {[%emt 0:16:01]} Ne8 {[%emt 0:02:07]} 22. N1d2 {[%emt 0:00:33]} b5 {[%emt 0:00:32]} 23. c3 {[%emt 0:00:54]} Qd7 {[%emt 0:01:48]} 24. Qe2 {[%emt 0:01:00]} Nc7 {[%emt 0:02:07]} 25. Nb3 {[%emt 0:01:17]} dxc3 {[%emt 0:02:40]} 26. bxc3 {[%emt 0:00:08]} Rhd8 {[%emt 0:00:54]} 27. d4 {[%emt 0:01:36]} c4 {[%emt 0:00:44]} 28. Nbd2 {[%emt 0:01:08]} Nd5 {[%emt 0:00:08]} 29. Nb1 {[%emt 0:00:06]} Na5 {[%emt 0:00:54]} 30. Qb2 {[%emt 0:01:34]} Nb3 {[%emt 0:01:10]} 31. Ra2 {[%emt 0:00:01]} a5 {[%emt 0:00:28]} 32. Kg3 {[%emt 0:01:11]} a4 {[%emt 0:02:11]} 33. Rh1 {[%emt 0:00:17]} Nb6 {[%emt 0:00:52]} 34. Re1 {[%emt 0:00:28]} 1/2-1/2

[Event "4th ChessMates Murmansk 2020"]
[Site "Murmansk"]
[Date "2020.03.13"]
[Round "1.25"]
[White "Khripachenko, Alexander"]
[Black "Gorlov, Artem"]
[Result "0-1"]
[WhiteElo "1773"]
[BlackElo "1912"]
[Annotator "TA"]
[PlyCount "74"]
[EventDate "2020.03.13"]
[EventType "team-tourn"]
[EventCountry "RUS"]
[SourceTitle "playchess.com"]
[Source "ChessBase"]
[SourceQuality "1"]

{[%evp 11,74,2,18,2,2,-4,-6,-5,2,-23,0,0,0,-46,-25,-109,-107,-139,-76,-120,-119,-108,-103,-194,-170,-251,-144,-155,-159,-159,-160,-155,-162,-162,-159,-169,-150,-164,-111,-127,-127,-127,-127,-124,-98,-95,-21,-247,-243,-314,-234,-550,-529,-493,-450,-794,-774,-760,-724,-1485,-1484,-1321,-631,-1212,-1091]} 1. e4 c5 2. Nf3 e6 3. d4 cxd4 4. Nxd4 Nf6 5. Bd3 Nc6 6. Nxc6 bxc6 7. Qe2 {B40: Sicilian: 2...e6, Unusual lines.} d5 8. Nd2 Be7 9. O-O {The position is equal.} Bb7 {[#]} 10. Kh1 $146 ({Predecessor:} 10. Re1 Nd7 11. exd5 cxd5 12. Nf3 O-O 13. Bf4 Nc5 14. Rad1 Bf6 15. Be5 Rc8 16. c3 Bxe5 17. Qxe5 {0-1 (43) Varga,L (1962)-Jakab,B (2258) Liptovsky Mikulas 2018}) 10... Nd7 11. exd5 cxd5 {[%cal Bc6d5,Bd5d4][%mdl 32]} 12. Bb5 O-O 13. Bxd7 (13. Nb3 $11) 13... Qxd7 $17 14. Re1 Qc6 (14... d4 $142 15. Nb3 Qd6) 15. Nf3 {[#]} d4 $1 {[%mdl 512]} 16. Bf4 (16. Nxd4 Qxg2#) 16... Bf6 17. Rg1 (17. Rad1 $17) 17... Rac8 18. Rac1 {[#]} (18. Rad1 $142) 18... Qe4 (18... e5 $1 $19 {[%cal Re5f4][%mdl 512]} 19. Bg3 (19. Nxe5 Rfe8) 19... e4) 19. Qxe4 Bxe4 20. Ne5 Bxc2 21. Nd7 Rfd8 22. Nxf6+ gxf6 23. f3 e5 24. Bd2 Bg6 (24... Kg7 $19 25. Rge1 Rc6) 25. Rxc8 Rxc8 26. Rc1 Rxc1+ 27. Bxc1 {[%mdl 4096] Endgame KB-KB} f5 28. Kg1 e4 (28... f4 $17 29. Kf2 Bb1) 29. fxe4 $2 {This move loses the game for White.} (29. Bf4 $1 $11) 29... fxe4 $19 30. Kf2 Kg7 31. Kg3 $2 (31. Bg5) 31... Kf6 {Black is clearly winning.} 32. Kf4 e3 33. g4 (33. a3 $142 Ke6 34. Kf3) 33... Ke6 34. Kf3 Kd5 35. h4 Kc4 36. Ke2 Bd3+ 37. Kf3 Bb1 {Accuracy: White = 34%, Black = 69%.} 0-1

[Event "4th ChessMates Murmansk 2020"]
[Site "Murmansk"]
[Date "2020.03.13"]
[Round "1.26"]
[White "Shilnikov, Anton"]
[Black "Morar, Kirill"]
[Result "1-0"]
[WhiteElo "1769"]
[BlackElo "1271"]
[Annotator "NA RC"]
[PlyCount "95"]
[EventDate "2020.03.13"]
[EventType "team-tourn"]
[EventCountry "RUS"]
[SourceTitle "playchess.com"]
[Source "ChessBase"]
[SourceQuality "1"]
[TimeControl "5400+30"]

1. e4 {[%emt 0:00:00]} c5 {[%emt 0:00:00]} 2. Nf3 {[%emt 0:00:00]} e6 {[%emt 0:00:00]} 3. d4 {[%emt 0:00:00]} cxd4 {[%emt 0:00:02]} 4. Nxd4 {[%emt 0:00:06]} a6 {[%emt 0:00:21]} 5. Nc3 {[%emt 0:00:44]} Qc7 {[%emt 0:00:20]} 6. Be2 {[%emt 0:00:29]} Nf6 {[%emt 0:00:23]} 7. O-O {[%emt 0:01:05]} Bb4 {[%emt 0:00:30]} 8. Qd3 {[%emt 0:02:16]} b5 {[%emt 0:02:19]} 9. Bf3 {[%emt 0:02:10]} Bxc3 {[%emt 0:11:12]} 10. bxc3 {[%emt 0:00:19]} Bb7 {[%emt 0:00:06]} 11. Ba3 {[%emt 0:08:57]} d6 {[%emt 0:01:43]} 12. Ne2 {[%emt 0:03:37]} d5 {[%emt 0:04:23]} 13. exd5 {[%emt 0:00:37]} Nxd5 {[%emt 0:02:04]} 14. Qd4 {[%emt 0:05:20]} f6 {[%emt 0:07:15]} 15. Bxd5 {[%emt 0:01:17]} Bxd5 {[%emt 0:00:46]} 16. Nf4 {[%emt 0:00:44]} Qc6 {[%emt 0:00:41]} 17. Rad1 {[%emt 0:03:58]} Kf7 {[%emt 0:32:19]} 18. Nxd5 {[%emt 0:00:53]} exd5 {[%emt 0:00:30]} 19. Qxd5+ {[%emt 0:02:40]} Qxd5 {[%emt 0:02:05]} 20. Rxd5 {[%emt 0:00:13]} Ra7 {[%emt 0:02:14]} 21. Rfd1 {[%emt 0:04:04]} Rc8 {[%emt 0:01:38]} 22. R1d3 {[%emt 0:13:38]} Rac7 {[%emt 0:09:19]} 23. Bd6 {[%emt 0:04:30]} Rc6 {[%emt 0:01:11]} 24. Bxb8 {[%emt 0:00:23]} Rxb8 {[%emt 0:00:07]} 25. Rd7+ {[%emt 0:00:10]} Kg8 {[%emt 0:00:56]} 26. Rg3 {[%emt 0:05:07]} g6 {[%emt 0:00:10]} 27. Rh3 {[%emt 0:04:54]} h5 {[%emt 0:00:19]} 28. Rg3 {[%emt 0:00:20]} f5 {[%emt 0:00:10]} 29. h4 {[%emt 0:01:46]} Re8 {[%emt 0:00:20]} 30. Rgd3 {[%emt 0:02:06]} Re1+ {[%emt 0:03:02]} 31. Kh2 {[%emt 0:00:05]} Rc4 {[%emt 0:02:11]} 32. g3 {[%emt 0:02:31]} Re2 {[%emt 0:00:43]} 33. Kg2 {[%emt 0:00:37]} Rc6 {[%emt 0:00:40]} 34. Ra7 {[%emt 0:00:24]} Re8 {[%emt 0:00:52]} 35. Rdd7 {[%emt 0:01:39]} Rec8 {[%emt 0:00:35]} 36. Rg7+ {[%emt 0:01:43]} Kf8 {[%emt 0:00:35]} 37. Rh7 {[%emt 0:00:56]} Kg8 {[%emt 0:00:10]} 38. Rag7+ {[%emt 0:00:35]} Kf8 {[%emt 0:00:13]} 39. Kf3 {[%emt 0:02:26]} Rxc3+ {[%emt 0:04:03]} 40. Kf4 {[%emt 0:00:06]} R3c4+ {[%emt 0:00:43]} 41. Kg5 {[%emt 0:00:22]} R4c6 {[%emt 0:02:20]} 42. Rxg6 {[%emt 0:02:08]} Rxg6+ {[%emt 0:00:35]} 43. Kxg6 {[%emt 0:00:05]} Rxc2 {[%emt 0:00:06]} 44. Rxh5 {[%emt 0:00:21]} Rxa2 {[%emt 0:00:07]} 45. Rxf5+ {[%emt 0:00:03]} Kg8 {[%emt 0:00:06]} 46. h5 {[%emt 0:00:07]} Ra1 {[%emt 0:00:28]} 47. h6 {[%emt 0:00:14]} Rh1 {[%emt 0:00:07]} 48. Rc5 {[%emt 0:00:27]} 1-0

[Event "4th ChessMates Murmansk 2020"]
[Site "Murmansk"]
[Date "2020.03.13"]
[Round "1.27"]
[White "Abbasov, Aziz"]
[Black "Baranov, Ivan"]
[Result "0-1"]
[WhiteElo "1478"]
[BlackElo "1671"]
[Annotator "NA RC"]
[PlyCount "84"]
[EventDate "2020.03.13"]
[EventType "team-tourn"]
[EventCountry "RUS"]
[SourceTitle "playchess.com"]
[Source "ChessBase"]
[SourceQuality "1"]
[TimeControl "5400+30"]

1. b3 {[%emt 0:00:00]} Nf6 {[%emt 0:00:33]} 2. Bb2 {[%emt 0:00:00]} c5 {[%emt 0:02:56]} 3. e3 {[%emt 0:01:19]} d6 {[%emt 0:06:35]} 4. d4 {[%emt 0:04:19]} cxd4 {[%emt 0:00:37]} 5. exd4 {[%emt 0:00:47]} g6 {[%emt 0:00:37]} 6. Nf3 {[%emt 0:01:55]} Bg7 {[%emt 0:03:45]} 7. Bb5+ {[%emt 0:04:21]} Nbd7 {[%emt 0:07:31]} 8. O-O {[%emt 0:02:06]} a6 {[%emt 0:00:06]} 9. Bxd7+ {[%emt 0:08:41]} Qxd7 {[%emt 0:00:33]} 10. Re1 {[%emt 0:06:07]} O-O {[%emt 0:01:10]} 11. Nbd2 {[%emt 0:02:26]} b5 {[%emt 0:09:23]} 12. Qe2 {[%emt 0:05:45]} Re8 {[%emt 0:03:00]} 13. c4 {[%emt 0:07:45]} Bb7 {[%emt 0:12:06]} 14. Rac1 {[%emt 0:08:37]} e6 {[%emt 0:07:46]} 15. a3 {[%emt 0:05:43]} Rab8 {[%emt 0:07:58]} 16. Ba1 {[%emt 0:05:00]} bxc4 {[%emt 0:03:34]} 17. Nxc4 {[%emt 0:02:33]} Bd5 {[%emt 0:02:57]} 18. b4 {[%emt 0:00:21]} Bh6 {[%emt 0:03:47]} 19. Ne3 {[%emt 0:02:44]} Qb7 {[%emt 0:03:38]} 20. Bc3 {[%emt 0:04:12]} Bxf3 {[%emt 0:03:34]} 21. Qxf3 {[%emt 0:00:28]} Qxf3 {[%emt 0:00:11]} 22. gxf3 {[%emt 0:00:09]} Rec8 {[%emt 0:03:05]} 23. Bd2 {[%emt 0:01:07]} Nh5 {[%emt 0:01:53]} 24. Nf1 {[%emt 0:07:19]} Bxd2 {[%emt 0:03:11]} 25. Nxd2 {[%emt 0:00:22]} Nf4 {[%emt 0:00:31]} 26. Rxc8+ {[%emt 0:01:25]} Rxc8 {[%emt 0:00:10]} 27. Ne4 {[%emt 0:00:05]} Rc6 {[%emt 0:01:27]} 28. h4 {[%emt 0:06:37]} f5 {[%emt 0:01:31]} 29. Ng5 {[%emt 0:02:00]} d5 {[%emt 0:00:29]} 30. Kh2 {[%emt 0:00:07]} h6 {[%emt 0:00:07]} 31. Nh3 {[%emt 0:00:08]} Nxh3 {[%emt 0:01:53]} 32. Kxh3 {[%emt 0:00:04]} Kf7 {[%emt 0:00:04]} 33. Kg3 {[%emt 0:00:28]} Rc4 {[%emt 0:00:30]} 34. Rd1 {[%emt 0:01:24]} Rc3 {[%emt 0:00:04]} 35. a4 {[%emt 0:00:04]} Rb3 {[%emt 0:00:09]} 36. b5 {[%emt 0:00:12]} axb5 {[%emt 0:00:03]} 37. axb5 {[%emt 0:00:06]} Rxb5 {[%emt 0:00:01]} 38. Kf4 {[%emt 0:00:38]} Kf6 {[%emt 0:00:02]} 39. Kg3 {[%emt 0:01:51]} Rb3 {[%emt 0:01:11]} 40. Kf4 {[%emt 0:02:28]} g5+ {[%emt 0:00:19]} 41. hxg5+ {[%emt 0:00:26]} hxg5+ {[%emt 0:00:02]} 42. Kg3 {[%emt 0:00:07]} g4 {[%emt 0:00:08]} 0-1

[Event "4th ChessMates Murmansk 2020"]
[Site "Murmansk"]
[Date "2020.03.13"]
[Round "1.28"]
[White "Chervyakova, Tatiana"]
[Black "Khon, Ilya"]
[Result "1-0"]
[WhiteElo "1489"]
[BlackElo "1223"]
[Annotator "NA RC"]
[PlyCount "51"]
[EventDate "2020.03.13"]
[EventType "team-tourn"]
[EventCountry "RUS"]
[SourceTitle "playchess.com"]
[Source "ChessBase"]
[SourceQuality "1"]
[TimeControl "5400+30"]

1. d4 {[%emt 0:00:00]} d5 {[%emt 0:00:00]} 2. c4 {[%emt 0:00:00]} e6 {[%emt 0:00:00]} 3. Nf3 {[%emt 0:00:02]} c5 {[%emt 0:00:02]} 4. e3 {[%emt 0:00:43]} Nc6 {[%emt 0:00:37]} 5. Nc3 {[%emt 0:00:52]} Nf6 {[%emt 0:00:52]} 6. Be2 {[%emt 0:01:41]} Be7 {[%emt 0:06:55]} 7. O-O {[%emt 0:02:00]} O-O {[%emt 0:00:07]} 8. b3 {[%emt 0:04:02]} b6 {[%emt 0:11:37]} 9. Bb2 {[%emt 0:01:39]} Bb7 {[%emt 0:08:02]} 10. Rc1 {[%emt 0:01:04]} Rc8 {[%emt 0:09:42]} 11. Re1 {[%emt 0:13:03]} h6 {[%emt 0:07:05]} 12. Bf1 {[%emt 0:03:14]} Qd7 {[%emt 0:04:56]} 13. cxd5 {[%emt 0:02:43]} Nxd5 {[%emt 0:03:05]} 14. Nxd5 {[%emt 0:01:43]} Qxd5 {[%emt 0:03:15]} 15. dxc5 {[%emt 0:09:07]} Qxd1 {[%emt 0:01:18]} 16. Rexd1 {[%emt 0:00:24]} Bxc5 {[%emt 0:00:20]} 17. Rd7 {[%emt 0:02:23]} Na5 {[%emt 0:03:46]} 18. Ne5 {[%emt 0:10:13]} Rcd8 {[%emt 0:18:07]} 19. Rcd1 {[%emt 0:03:53]} Rxd7 {[%emt 0:01:07]} 20. Rxd7 {[%emt 0:01:01]} f6 {[%emt 0:10:38]} 21. Nd3 {[%emt 0:04:19]} Rb8 {[%emt 0:03:47]} 22. b4 {[%emt 0:03:21]} Bc8 {[%emt 0:00:55]} 23. Rd8+ {[%emt 0:02:08]} Kf7 {[%emt 0:01:45]} 24. bxc5 {[%emt 0:12:19]} bxc5 {[%emt 0:00:20]} 25. Nxc5 {[%emt 0:02:37]} Rxb2 {[%emt 0:02:21]} 26. Rxc8 {[%emt 0:00:03]} 1-0